Central Library and Information Centre
Sibsagar Girls' College, Sivasagar : Assam

HEAT AND THERMODYNAMICS (Record no. 12759)

MARC details
000 -LEADER
fixed length control field 00383cam a2200169ua 4500
008 - FIXED-LENGTH DATA ELEMENTS--GENERAL INFORMATION
fixed length control field 111221n II |||gr||||Z||||||eng
040 ## - CATALOGING SOURCE
Original cataloging agency MAIN
041 ## - LANGUAGE CODE
-- English
082 ## - DEWEY DECIMAL CLASSIFICATION NUMBER
Classification number 536 ARO
100 ## - MAIN ENTRY--PERSONAL NAME
Personal name ARORA , C.L.
245 ## - TITLE STATEMENT
Title HEAT AND THERMODYNAMICS
260 ## - PUBLICATION, DISTRIBUTION, ETC.
Place of publication, distribution, etc. NEW DELHI
Name of publisher, distributor, etc. S.CHAND & COMPANY
Date of publication, distribution, etc. 2001.
300 ## - PHYSICAL DESCRIPTION
Extent 288.:
Dimensions 22CM.
942 ## - ADDED ENTRY ELEMENTS (KOHA)
Koha item type Books
653 ## - INDEX TERM--UNCONTROLLED
Uncontrolled term Heat
Holdings
Withdrawn status Lost status Damaged status Not for loan Collection code Home library Current library Shelving location Date acquired Full call number Barcode Date last seen Copy number Price effective from Koha item type Public note
        TBPHY Central Library and Information Centre Sibsagar Girls College Central Library and Information Centre Sibsagar Girls College PHYSICS BOOK RACK 23.07.2003 536 ARO 18138 27.02.2020 1 27.02.2020 Books V


Sibsagar Girl's College © 2020. All rights reserved.
Powered by Koha.
Maintained by Abhijit Borpuzari.